000
00284nam a2200145Ia 4500
100
_a
Timoshenko.
942
_c
BK
654
_a
Dynamics.
245
_a
Advanced Dynamics.
260
_b
McGraw Hill
_c
2001
082
_a
620.104
300
_a
400
546
_a
ENGLISH
999
_c
19527
_d
19527